[Event "Landesliga Ost MVP 2013-14"]
[Site "?"]
[Date "2013.12.15"]
[Round "4.1"]
[White "Ballmann, Horst Gerhard"]
[Black "Dao Xuan, Duong"]
[Result "0-1"]
[WhiteElo "1806"]
[BlackElo "1731"]
[PlyCount "96"]
[EventType "team-tourn"]
[EventRounds "9"]
[EventCountry "GER"]
[WhiteTeam "SV Turbine Neubrandenburg"]
[BlackTeam "SG Eintracht Neubrandenburg II"]
[WhiteTeamCountry "GER"]
[BlackTeamCountry "GER"]

1. Nf3 d6 2. d4 g6 3. e3 Nf6 4. Bd3 Bg7 5. Nbd2 O-O 6. Nb3 Nbd7 7. c4 e5 8. Bb1
Qe7 9. O-O Nh5 10. a4 e4 11. Nfd2 f5 12. f4 exf3 13. Rxf3 Bh6 14. Nf1 Ndf6 15.
h3 Bd7 16. Ra3 Ne4 17. Nbd2 Ng5 18. Rf2 f4 19. Nf3 fxe3 20. Nxe3 Nxf3+ 21. Rxf3
c6 22. Nd5 cxd5 23. Bxh6 Rxf3 24. Rxf3 dxc4 25. g4 Ng7 26. Qf1 d5 27. Rf6 Rf8
28. Rxf8+ Qxf8 29. Qxf8+ Kxf8 30. a5 Kf7 31. Bxg7 Kxg7 32. Kf2 Kf6 33. Kg3 b6
34. axb6 axb6 35. h4 h6 36. Bc2 g5 37. b4 Ke6 38. hxg5 hxg5 39. Bd1 Kd6 40. Kf2
Kc7 41. Ke3 Kb7 42. Kd2 Ka6 43. Kc3 Kb5 44. Bf3 Be6 45. Bd1 Bf7 46. Bc2 Be6 47.
Bf5 Bxf5 48. gxf5 Kc6 0-1

[Event "Landesliga Ost MVP 2013-14"]
[Site "?"]
[Date "2013.12.15"]
[Round "4.3"]
[White "Voigt, Michael"]
[Black "Witkowski, Rainer"]
[Result "1-0"]
[WhiteElo "1720"]
[BlackElo "1833"]
[PlyCount "89"]
[EventType "team-tourn"]
[EventRounds "9"]
[EventCountry "GER"]
[WhiteTeam "SV Turbine Neubrandenburg"]
[BlackTeam "SG Eintracht Neubrandenburg II"]
[WhiteTeamCountry "GER"]
[BlackTeamCountry "GER"]

1. c4 e6 2. g3 d5 3. Nf3 c6 4. Bg2 f5 5. b3 Qf6 6. d4 Bb4+ 7. Bd2 Bxd2+ 8.
Nbxd2 Nd7 9. Rc1 Ne7 10. h4 e5 11. dxe5 Nxe5 12. Nxe5 Qxe5 13. O-O Be6 14. Nf3
Qd6 15. c5 Qc7 16. Ng5 Bg8 17. Qd4 Ng6 18. Bh3 f4 19. h5 h6 20. Nf3 Nf8 21.
gxf4 Ne6 22. Bxe6 Bxe6 23. Ne5 O-O-O 24. f3 Rhf8 25. Kf2 Rf5 26. Rh1 Bf7 27. b4
Bxh5 28. b5 Kb8 29. bxc6 bxc6 30. Rc3 Rdf8 31. Qa4 Be8 32. Nd3 Ka8 33. Rb1 Bd7
34. Rcb3 g5 35. Qa6 Bc8 36. Rb8+ Qxb8 37. Rxb8+ Kxb8 38. Qxc6 gxf4 39. Qxh6
R8f6 40. Qh8 Kc7 41. Qg7+ Rf7 42. Qc3 Ba6 43. Qa5+ Kb7 44. c6+ Kxc6 45. Qxa6+
1-0

[Event "Landesliga Ost MVP 2013-14"]
[Site "?"]
[Date "2013.12.15"]
[Round "4.4"]
[White "Buenz, Heinrich"]
[Black "Rosin, Ralf"]
[Result "1/2-1/2"]
[WhiteElo "1714"]
[BlackElo "1696"]
[PlyCount "63"]
[EventType "team-tourn"]
[EventRounds "9"]
[EventCountry "GER"]
[WhiteTeam "SG Eintracht Neubrandenburg II"]
[BlackTeam "SV Turbine Neubrandenburg"]
[WhiteTeamCountry "GER"]
[BlackTeamCountry "GER"]

1. Nf3 f5 2. c4 Nf6 3. Nc3 e6 4. d4 Be7 5. g3 O-O 6. Bg2 c6 7. Ne5 d6 8. Nd3
Bd7 9. O-O Be8 10. b3 Nbd7 11. d5 cxd5 12. cxd5 e5 13. Ba3 Nb6 14. Rc1 Rc8 15.
Bb4 Na8 16. Qd2 a5 17. Ba3 b5 18. b4 a4 19. e4 Nb6 20. Nb2 fxe4 21. Nxe4 Nxe4
22. Bxe4 Rxc1 23. Qxc1 Bd7 24. Qc2 h6 25. Qe2 Qc8 26. Nd3 Bg4 27. f3 Bd7 28.
Rc1 Qb7 29. Nxe5 Bg5 30. Nxd7 Qxd7 31. Rc6 Nc4 32. Bb2 1/2-1/2

[Event "Landesliga Ost MVP 2013-14"]
[Site "?"]
[Date "2013.12.15"]
[Round "4.5"]
[White "Hollender, Dirk"]
[Black "Winkler, Karl"]
[Result "0-1"]
[WhiteElo "1652"]
[BlackElo "1774"]
[PlyCount "68"]
[EventType "team-tourn"]
[EventRounds "9"]
[EventCountry "GER"]
[WhiteTeam "SV Turbine Neubrandenburg"]
[BlackTeam "SG Eintracht Neubrandenburg II"]
[WhiteTeamCountry "GER"]
[BlackTeamCountry "GER"]

1. e4 e5 2. Nf3 Nc6 3. Bb5 Nf6 4. O-O Nxe4 5. Re1 Nd6 6. Ba4 Be7 7. Nxe5 Nxe5
8. Rxe5 O-O 9. d4 Bf6 10. Re1 Re8 11. c3 b5 12. Bb3 Bb7 13. Bf4 Rxe1+ 14. Qxe1
Qe7 15. Nd2 Re8 16. Qxe7 Rxe7 17. Bxd6 cxd6 18. Kf1 Kf8 19. g3 a5 20. Bc2 h6
21. Nb3 a4 22. Nd2 h5 23. Bd3 b4 24. f3 Re3 25. Bb5 bxc3 26. bxc3 Rxc3 27. Bxd7
Bxd4 28. Re1 g6 29. Re8+ Kg7 30. Bxa4 Rd3 31. Ke2 Ba6 32. Ra8 Re3+ 33. Kd1 Be2+
34. Kc2 Rc3+ 0-1

[Event "Landesliga Ost MVP 2013-14"]
[Site "?"]
[Date "2013.12.15"]
[Round "4.6"]
[White "Stock, Joachim"]
[Black "Peters, Hans Joachim"]
[Result "0-1"]
[WhiteElo "1580"]
[BlackElo "1701"]
[PlyCount "110"]
[EventType "team-tourn"]
[EventRounds "9"]
[EventCountry "GER"]
[WhiteTeam "SG Eintracht Neubrandenburg II"]
[BlackTeam "SV Turbine Neubrandenburg"]
[WhiteTeamCountry "GER"]
[BlackTeamCountry "GER"]

1. e4 e6 2. Nc3 d5 3. exd5 exd5 4. d4 Nc6 5. Nf3 Bg4 6. Be2 Bb4 7. O-O Nge7 8.
Bg5 O-O 9. h3 Bh5 10. Nb1 Qd7 11. c3 Bd6 12. Bd3 Bg6 13. Bxg6 Nxg6 14. Nbd2 h6
15. Be3 Nce7 16. c4 c6 17. c5 Bc7 18. Ne1 Nf5 19. Nd3 Rfe8 20. Re1 Re7 21. Qg4
Rae8 22. Nf1 Re4 23. Qh5 Rh4 24. Qf3 Nxd4 25. Bxd4 Rxd4 26. Ng3 Bxg3 27. fxg3
Rde4 28. Qf2 R8e6 29. Rxe4 Rxe4 30. Rf1 Qe7 31. Kh1 Re2 32. Qf5 Qe3 33. Qh5 Qe4
34. Qf3 f6 35. Rf2 Re3 36. Qxe4 Rxe4 37. Kg1 Ne5 38. Nf4 Kf7 39. b3 Re3 40. Ne2
Nd3 41. Rf3 Rxf3 42. gxf3 Nxc5 43. Nd4 Ne6 44. Nf5 Nd8 45. Kf1 c5 46. Ke2 h5
47. g4 g6 48. Nd6+ Ke6 49. Ne8 hxg4 50. hxg4 g5 51. Kd3 Nc6 52. Nc7+ Ke5 53.
Ke3 a6 54. Ne8 Nb4 55. a4 Nc2+ 0-1

[Event "Landesliga Ost MVP 2013-14"]
[Site "?"]
[Date "2013.12.15"]
[Round "4.7"]
[White "Schubert, Jens"]
[Black "Sommer, Hans Hermann"]
[Result "0-1"]
[WhiteElo "1582"]
[BlackElo "1663"]
[PlyCount "54"]
[EventType "team-tourn"]
[EventRounds "9"]
[EventCountry "GER"]
[WhiteTeam "SV Turbine Neubrandenburg"]
[BlackTeam "SG Eintracht Neubrandenburg II"]
[WhiteTeamCountry "GER"]
[BlackTeamCountry "GER"]

1. e4 e5 2. Nf3 Nc6 3. Bb5 a6 4. Ba4 Nf6 5. O-O b5 6. Bb3 Be7 7. c3 O-O 8. Re1
d5 9. exd5 Nxd5 10. Nxe5 Nxe5 11. Rxe5 c6 12. d4 Bd6 13. Re1 Qh4 14. g3 Qh3 15.
Qd3 Bf5 16. Qf1 Qh5 17. Bd1 Qg6 18. Nd2 Rae8 19. Rxe8 Rxe8 20. Nf3 Bd3 21. Qh3
Qe4 22. Bd2 h6 23. Qg2 Re6 24. Nh4 Qe1+ 25. Bxe1 Rxe1+ 26. Qf1 Rxf1+ 27. Kg2
Be2 0-1

[Event "Landesliga Ost MVP 2013-14"]
[Site "?"]
[Date "2013.12.15"]
[Round "4.8"]
[White "Friedrich, Joerg"]
[Black "Hartung, Lothar"]
[Result "0-1"]
[WhiteElo "1648"]
[BlackElo "1798"]
[PlyCount "74"]
[EventType "team-tourn"]
[EventRounds "9"]
[EventCountry "GER"]
[WhiteTeam "SG Eintracht Neubrandenburg II"]
[BlackTeam "SV Turbine Neubrandenburg"]
[WhiteTeamCountry "GER"]
[BlackTeamCountry "GER"]

1. f4 e5 2. fxe5 d6 3. Nf3 dxe5 4. e4 Bg4 5. Be2 Bc5 6. c3 Nf6 7. d3 Nc6 8. Bg5
h6 9. Bh4 g5 10. Bg3 Qe7 11. b4 Bb6 12. b5 Bxf3 13. Bxf3 Na5 14. Nd2 O-O-O 15.
Qc2 Qc5 16. a4 Qe3+ 17. Be2 Nd7 18. Nc4 Nxc4 19. dxc4 Nf6 20. a5 Nxe4 21. axb6
Rd2 22. Qxd2 Qxd2+ 23. Kf1 Nxg3+ 24. hxg3 cxb6 25. Kf2 Qxc3 26. Rxa7 Kc7 27.
Rd1 f5 28. Ra2 e4 29. Bh5 f4 30. gxf4 gxf4 31. Re2 Qg3+ 32. Kg1 f3 33. Red2 Rf8
34. Rf2 Qg5 35. Rd5 Qc1+ 36. Kh2 Qe3 37. Rdd2 Qg5 0-1

[Event "Landesliga Ost MVP 2013-14"]
[Site "?"]
[Date "2013.12.15"]
[Round "4.1"]
[White "Patzenhauer, Max"]
[Black "Luethke, Hans Eckart"]
[Result "1/2-1/2"]
[WhiteElo "1858"]
[BlackElo "2096"]
[PlyCount "71"]
[EventType "team-tourn"]
[EventRounds "9"]
[EventCountry "GER"]
[WhiteTeam "SSC Graal-Müritz"]
[BlackTeam "SV Motor Wolgast 1949"]
[WhiteTeamCountry "GER"]
[BlackTeamCountry "GER"]

1. d4 Nf6 2. Nf3 b6 3. Nc3 Bb7 4. e3 g6 5. Bd3 d5 6. Qe2 Bg7 7. e4 dxe4 8. Nxe4
Nbd7 9. Bf4 O-O 10. O-O Nd5 11. Bd2 Re8 12. Rfe1 c6 13. Rad1 Qc7 14. g3 Rad8
15. Neg5 Nf8 16. c4 h6 17. Nxf7 Kxf7 18. cxd5 cxd5 19. Bf4 Qc8 20. Bb5 Bc6 21.
Bxc6 Qxc6 22. Bxh6 Qf6 23. Ne5+ Kg8 24. Bxg7 Kxg7 25. Rc1 Ne6 26. Qe3 Rd6 27.
Ng4 Qg5 28. Qxg5 Nxg5 29. Kg2 Ne6 30. Red1 Rb8 31. f4 b5 32. Kf3 Ra6 33. a3 b4
34. Ne5 bxa3 35. bxa3 Rxa3+ 36. Kg4 1/2-1/2

[Event "Landesliga Ost MVP 2013-14"]
[Site "?"]
[Date "2013.12.15"]
[Round "4.2"]
[White "Schumann, Lutz"]
[Black "Reinke, Thomas"]
[Result "0-1"]
[WhiteElo "1838"]
[BlackElo "1847"]
[PlyCount "54"]
[EventType "team-tourn"]
[EventRounds "9"]
[EventCountry "GER"]
[WhiteTeam "SSC Graal-Müritz"]
[BlackTeam "SV Motor Wolgast 1949"]
[WhiteTeamCountry "GER"]
[BlackTeamCountry "GER"]

1. c4 f5 2. Nc3 Nf6 3. Nf3 g6 4. g3 Bg7 5. d3 d6 6. Bg2 c6 7. O-O O-O 8. Rb1
Na6 9. b4 Bd7 10. Qc2 e5 11. Bg5 h6 12. Bxf6 Qxf6 13. b5 Nc5 14. Na4 Ne6 15.
bxc6 Bxc6 16. Nc3 e4 17. Nd5 Bxd5 18. cxd5 exf3 19. Bxf3 Nd4 20. Qd2 Nxf3+ 21.
exf3 b6 22. Rfe1 Rfe8 23. Re3 Rxe3 24. fxe3 Rc8 25. d4 Qf7 26. e4 Rc4 27. e5
Qxd5 0-1

[Event "Landesliga Ost MVP 2013-14"]
[Site "?"]
[Date "2013.12.15"]
[Round "4.3"]
[White "Riebort, Frank"]
[Black "Schulz, Wolf Detlef"]
[Result "0-1"]
[WhiteElo "1932"]
[BlackElo "1838"]
[PlyCount "94"]
[EventType "team-tourn"]
[EventRounds "9"]
[EventCountry "GER"]
[WhiteTeam "SV Motor Wolgast 1949"]
[BlackTeam "SSC Graal-Müritz"]
[WhiteTeamCountry "GER"]
[BlackTeamCountry "GER"]

1. d4 Nf6 2. c4 e5 3. dxe5 Ng4 4. Bf4 Nc6 5. Nf3 Bb4+ 6. Nc3 Qe7 7. Qd5 O-O 8.
h3 Nh6 9. e3 Bxc3+ 10. bxc3 Qa3 11. Qd2 Nf5 12. Bd3 d6 13. O-O Nxe5 14. Nxe5
dxe5 15. Bxe5 Qc5 16. Bd4 Qc6 17. Qc2 g6 18. e4 Nxd4 19. cxd4 Qf6 20. d5 Qd4
21. Rfe1 Re8 22. Rac1 Bd7 23. Qc3 Qc5 24. Rb1 b6 25. Rbc1 Re7 26. Kf1 Rae8 27.
e5 c6 28. dxc6 Bxc6 29. f4 Bb7 30. Be4 Ba6 31. Bd5 Qxd5 32. Red1 Qc5 33. g4 Rc8
34. Rd4 Rec7 35. Qd2 Qe7 36. Kg2 Bxc4 37. Kg3 Bb5 38. Rxc7 Qxc7 39. Kh4 Qe7+
40. g5 h6 41. Qb2 hxg5+ 42. fxg5 Rc4 43. Rxc4 Bxc4 44. a3 Qc5 45. Qc3 Qf2+ 46.
Qg3 Qxg3+ 47. Kxg3 Kf8 0-1

[Event "Landesliga Ost MVP 2013-14"]
[Site "?"]
[Date "2013.12.15"]
[Round "4.4"]
[White "Poppe, Thomas"]
[Black "Zimmermann, Frank"]
[Result "1-0"]
[WhiteElo "1696"]
[BlackElo "1606"]
[PlyCount "38"]
[EventType "team-tourn"]
[EventRounds "9"]
[EventCountry "GER"]
[WhiteTeam "SSC Graal-Müritz"]
[BlackTeam "SV Motor Wolgast 1949"]
[WhiteTeamCountry "GER"]
[BlackTeamCountry "GER"]

1. d4 f5 2. c4 Nf6 3. Nc3 e6 4. Nf3 Be7 5. Bf4 O-O 6. e3 Ne4 7. Qc2 Nxc3 8.
Qxc3 g5 9. Bg3 f4 10. Bd3 fxg3 11. hxg3 Rf7 12. Qc2 d6 13. Bxh7+ Kf8 14. Bg6
Rg7 15. Rh8+ Rg8 16. Rxg8+ Kxg8 17. Bh7+ Kf8 18. Qg6 Bf6 19. O-O-O Qe8 1-0

[Event "Landesliga Ost MVP 2013-14"]
[Site "?"]
[Date "2013.12.15"]
[Round "4.5"]
[White "Schellner, Ulf"]
[Black "Micheel, Peter"]
[Result "1/2-1/2"]
[WhiteElo "1642"]
[BlackElo "1710"]
[PlyCount "69"]
[EventType "team-tourn"]
[EventRounds "9"]
[EventCountry "GER"]
[WhiteTeam "SV Motor Wolgast 1949"]
[BlackTeam "SSC Graal-Müritz"]
[WhiteTeamCountry "GER"]
[BlackTeamCountry "GER"]

1. d4 Nf6 2. c4 e5 3. dxe5 Ng4 4. Bf4 Nc6 5. Nf3 Bb4+ 6. Nc3 Bxc3+ 7. bxc3 Qe7
8. Qd5 f6 9. exf6 Nxf6 10. Qd2 d6 11. e3 O-O 12. Be2 Kh8 13. O-O Ne4 14. Qb2
Ne5 15. Bxe5 dxe5 16. Rad1 c6 17. Qb4 Nc5 18. Nd2 Bf5 19. e4 Bg6 20. f3 b6 21.
Nb3 Rad8 22. Rxd8 Rxd8 23. Rd1 Rxd1+ 24. Bxd1 Qd8 25. Be2 Ne6 26. c5 Nf4 27.
Kf2 Bf7 28. cxb6 axb6 29. Bc4 c5 30. Qb5 Bxc4 31. Qxc4 Qd1 32. Qa6 Qc2+ 33. Kf1
Qd1+ 34. Kf2 Qc2+ 35. Kf1 1/2-1/2

[Event "Landesliga Ost MVP 2013-14"]
[Site "?"]
[Date "2013.12.15"]
[Round "4.6"]
[White "Rath, Wolfgang"]
[Black "Boesenberg, Heiko"]
[Result "0-1"]
[WhiteElo "1661"]
[BlackElo "1590"]
[PlyCount "64"]
[EventType "team-tourn"]
[EventRounds "9"]
[EventCountry "GER"]
[WhiteTeam "SSC Graal-Müritz"]
[BlackTeam "SV Motor Wolgast 1949"]
[WhiteTeamCountry "GER"]
[BlackTeamCountry "GER"]

1. e4 e6 2. d4 d5 3. exd5 exd5 4. Bd3 Nf6 5. Nf3 Be7 6. O-O Bg4 7. Be3 O-O 8.
Nbd2 Nbd7 9. c3 c5 10. Qc2 Qc7 11. Rfe1 c4 12. Bf5 Bxf5 13. Qxf5 Rfe8 14. Re2
Bd6 15. Rae1 g6 16. Qh3 Ne4 17. Nxe4 dxe4 18. Ng5 Nf8 19. f3 exf3 20. Nxf3 Ne6
21. Bh6 Qc6 22. Qh4 Ng7 23. Bxg7 Kxg7 24. Ng5 h6 25. Nxf7 Rxe2 26. Rxe2 Kxf7
27. Qxh6 Re8 28. Qh7+ Kf6 29. Qh4+ Kg7 30. Qg4 Rxe2 31. Qxe2 b5 32. Kf1 Qd7 0-1

[Event "Landesliga Ost MVP 2013-14"]
[Site "?"]
[Date "2013.12.15"]
[Round "4.7"]
[White "Klotzsche, Stefan"]
[Black "Kundt, Guenther"]
[Result "1-0"]
[WhiteElo "1626"]
[BlackElo "1528"]
[PlyCount "81"]
[EventType "team-tourn"]
[EventRounds "9"]
[EventCountry "GER"]
[WhiteTeam "SV Motor Wolgast 1949"]
[BlackTeam "SSC Graal-Müritz"]
[WhiteTeamCountry "GER"]
[BlackTeamCountry "GER"]

1. g3 d5 2. Bg2 e6 3. Nf3 Nf6 4. d3 Be7 5. O-O O-O 6. a3 c5 7. Nbd2 Nc6 8. c4
d4 9. Rb1 a5 10. Qc2 e5 11. e3 Qc7 12. exd4 exd4 13. Ng5 Bf5 14. Nge4 Rae8 15.
Nxf6+ Bxf6 16. Ne4 Bxe4 17. Bxe4 Be7 18. Bd2 Kh8 19. Qa4 Ra8 20. Qb5 Bd6 21.
Rfc1 f5 22. Bf3 Ne5 23. Qxb7 Qxb7 24. Bxb7 Rab8 25. Bd5 Nxd3 26. Rc2 Bc7 27. f4
Rfe8 28. Bg2 Rb3 29. Bf1 Reb8 30. Bxd3 Rxd3 31. Re1 Kg8 32. Re7 Bb6 33. Re5 g6
34. b4 Rxa3 35. bxc5 Ba7 36. Kg2 Kf7 37. Rd5 Ke7 38. Bc1 d3 39. Rd2 Rd8 40.
Bxa3 Rb8 41. R2xd3 1-0

[Event "Landesliga Ost MVP 2013-14"]
[Site "?"]
[Date "2013.12.15"]
[Round "4.8"]
[White "Schroeter, Reinhard"]
[Black "Block, Gerold"]
[Result "1-0"]
[WhiteElo "1476"]
[BlackElo "1481"]
[PlyCount "39"]
[EventType "team-tourn"]
[EventRounds "9"]
[EventCountry "GER"]
[WhiteTeam "SSC Graal-Müritz"]
[BlackTeam "SV Motor Wolgast 1949"]
[WhiteTeamCountry "GER"]
[BlackTeamCountry "GER"]

1. d4 d5 2. Nf3 Nc6 3. c4 e6 4. Nc3 Nf6 5. Bg5 Be7 6. e3 h6 7. Bh4 O-O 8. Bd3
b6 9. O-O Bb7 10. cxd5 Nxd5 11. Bxe7 Ndxe7 12. a3 Nd5 13. Qc2 Nxc3 14. bxc3 Qf6
15. Bh7+ Kh8 16. Be4 Nd8 17. Ne5 Bxe4 18. Qxe4 Qe7 19. Qxa8 f6 20. Ng6+ 1-0

[Event "Landesliga Ost MVP 2013-14"]
[Site "?"]
[Date "2014.01.19"]
[Round "5.2"]
[White "Schwarz, Eckhard"]
[Black "Pawlick, Helmut"]
[Result "0-1"]
[WhiteElo "1843"]
[BlackElo "1871"]
[PlyCount "86"]
[EventType "team-tourn"]
[EventRounds "9"]
[EventCountry "GER"]
[WhiteTeam "SV Waterkant Saal"]
[BlackTeam "SV Rugia Bergen"]
[WhiteTeamCountry "GER"]
[BlackTeamCountry "GER"]

1. Nf3 Nf6 2. d4 e6 3. c4 c5 4. Nc3 d5 5. Bg5 Be7 6. dxc5 Nc6 7. a3 dxc4 8.
Qxd8+ Bxd8 9. e3 Ba5 10. Bxf6 gxf6 11. Rc1 Rg8 12. Rg1 b6 13. cxb6 Ba6 14. Nd2
Ne5 15. b4 Bxb6 16. Na4 Rc8 17. Nxb6 axb6 18. Rc3 Ke7 19. f4 Nd3+ 20. Kd1 Rgd8
21. Be2 Bb5 22. Bf3 Nb2+ 23. Ke1 Na4 24. Rc1 Rd3 25. Be4 Rxe3+ 26. Kf2 Rxa3 27.
Bxh7 Ra2 28. Rc2 Rxc2 29. Bxc2 Nc3 30. Ra1 Nd5 31. Ra7+ Kf8 32. Ne4 Rd8 33. Bb1
Kg7 34. g3 Nxb4 35. Rb7 Nd5 36. Nc5 Rd6 37. f5 Bc6 38. Ne4 Rd8 39. Ra7 exf5 40.
Nd2 Nc3 41. Ke3 Nxb1 42. Nxb1 Rd3+ 43. Ke2 Rb3 0-1

[Event "Landesliga Ost MVP 2013-14"]
[Site "?"]
[Date "2014.01.19"]
[Round "5.3"]
[White "Sommer, Stefan"]
[Black "Onasch, Gunnar"]
[Result "1/2-1/2"]
[WhiteElo "1737"]
[BlackElo "1863"]
[PlyCount "82"]
[EventType "team-tourn"]
[EventRounds "9"]
[EventCountry "GER"]
[WhiteTeam "SV Rugia Bergen"]
[BlackTeam "SV Waterkant Saal"]
[WhiteTeamCountry "GER"]
[BlackTeamCountry "GER"]

1. e4 d5 2. exd5 Nf6 3. d4 Nxd5 4. Nf3 g6 5. c3 Bg7 6. Bd3 Bg4 7. h3 Bxf3 8.
Qxf3 O-O 9. O-O c6 10. Nd2 Nd7 11. Nc4 Qc7 12. Ne3 N7b6 13. Ng4 f5 14. Ne3 e5
15. dxe5 Nxe3 16. Bxe3 Bxe5 17. Bc2 Kh8 18. Bb3 Rad8 19. Bg5 Bf6 20. Bf4 Be5
21. Bg5 Bf6 22. Qe3 Nd5 23. Bxd5 Bxg5 24. Qxg5 Rxd5 25. Rfe1 Rd7 26. Re2 Qd6
27. Rae1 Rff7 28. Re6 Qd2 29. Qh4 Kg7 30. Qg3 f4 31. Qg5 Rd5 32. R1e5 Rdd7 33.
h4 f3 34. Qg3 fxg2 35. h5 Qd3 36. Qxg2 Qb1+ 37. Kh2 Rd1 38. Re2 Qf5 39. R6e5
Qf4+ 40. Qg3 Qxg3+ 41. Kxg3 Rd3+ 1/2-1/2

[Event "Landesliga Ost MVP 2013-14"]
[Site "?"]
[Date "2014.01.19"]
[Round "5.4"]
[White "Richter, Frank"]
[Black "Pawlowicz, Wolfgang"]
[Result "1-0"]
[WhiteElo "1655"]
[BlackElo "1755"]
[PlyCount "65"]
[EventType "team-tourn"]
[EventRounds "9"]
[EventCountry "GER"]
[WhiteTeam "SV Waterkant Saal"]
[BlackTeam "SV Rugia Bergen"]
[WhiteTeamCountry "GER"]
[BlackTeamCountry "GER"]

1. d4 Nf6 2. c4 g6 3. Nc3 Bg7 4. e4 d6 5. Nf3 O-O 6. Be2 a6 7. O-O c5 8. dxc5
dxc5 9. Qc2 Qc7 10. h3 Nc6 11. Be3 b6 12. Rad1 Bb7 13. Nd5 Nxd5 14. exd5 Ne5
15. Qc1 Nxf3+ 16. Bxf3 Qd6 17. Rfe1 Ra7 18. b4 Rc8 19. bxc5 bxc5 20. Bf4 Qd8
21. Qe3 Ba8 22. Bg4 f5 23. Qe6+ Kf8 24. Bf3 Qd7 25. Qe3 h5 26. Qa3 Bf6 27. Re6
a5 28. Qe3 Kf7 29. Bg5 Qa4 30. Rxf6+ exf6 31. Qe6+ Kg7 32. Bxf6+ Kh6 33. Qxc8
1-0

[Event "Landesliga Ost MVP 2013-14"]
[Site "?"]
[Date "2014.01.19"]
[Round "5.5"]
[White "Burwitz, Joerg"]
[Black "Nickel, Reimo"]
[Result "1/2-1/2"]
[WhiteElo "1673"]
[BlackElo "1767"]
[PlyCount "31"]
[EventType "team-tourn"]
[EventRounds "9"]
[EventCountry "GER"]
[WhiteTeam "SV Rugia Bergen"]
[BlackTeam "SV Waterkant Saal"]
[WhiteTeamCountry "GER"]
[BlackTeamCountry "GER"]

1. d4 d5 2. Nf3 Nf6 3. c4 c6 4. Nc3 h6 5. cxd5 Nxd5 6. Nxd5 Qxd5 7. e3 Bg4 8.
Be2 e6 9. Bd2 Be7 10. a3 Nd7 11. Rc1 Nf6 12. h3 Bh5 13. O-O O-O 14. Ne5 Bxe2
15. Qxe2 Qb3 16. Bc3 1/2-1/2

[Event "Landesliga Ost MVP 2013-14"]
[Site "?"]
[Date "2014.01.19"]
[Round "5.6"]
[White "Ehmann, Roland"]
[Black "Tabbert, Dirk"]
[Result "1/2-1/2"]
[WhiteElo "1507"]
[BlackElo "1588"]
[PlyCount "36"]
[EventType "team-tourn"]
[EventRounds "9"]
[EventCountry "GER"]
[WhiteTeam "SV Waterkant Saal"]
[BlackTeam "SV Rugia Bergen"]
[WhiteTeamCountry "GER"]
[BlackTeamCountry "GER"]

1. d4 f5 2. e3 Nf6 3. f4 e6 4. Nf3 Be7 5. Bd3 O-O 6. O-O c6 7. c4 d5 8. Nc3 Ne4
9. a3 Nd7 10. Qc2 Ndf6 11. c5 Qe8 12. Ne5 Qh5 13. Rf3 Ng4 14. Rh3 Qe8 15. Nxe4
Nxe5 16. fxe5 fxe4 17. Bf1 Qf7 18. Qe2 Bd7 1/2-1/2

[Event "Landesliga Ost MVP 2013-14"]
[Site "?"]
[Date "2014.01.19"]
[Round "5.7"]
[White "Pawlowicz, Karsten"]
[Black "Nickel, Udo"]
[Result "0-1"]
[WhiteElo "1558"]
[BlackElo "1675"]
[PlyCount "114"]
[EventType "team-tourn"]
[EventRounds "9"]
[EventCountry "GER"]
[WhiteTeam "SV Rugia Bergen"]
[BlackTeam "SV Waterkant Saal"]
[WhiteTeamCountry "GER"]
[BlackTeamCountry "GER"]

1. c4 e6 2. Nc3 Nf6 3. d4 d5 4. c5 b6 5. b4 a5 6. bxa5 bxc5 7. dxc5 Rxa5 8. Qb3
Nc6 9. e3 Bxc5 10. Bb5 Bd7 11. Bxc6 Bxc6 12. Nge2 O-O 13. O-O Qa8 14. Nd4 Bxd4
15. exd4 h6 16. Qc2 Ba4 17. Nxa4 Rxa4 18. Be3 Rc8 19. Rfb1 Ne4 20. Rb3 Nd6 21.
h3 Nc4 22. Kh2 Ra3 23. Bc1 Rxb3 24. Qxb3 Rb8 25. Qg3 Kf8 26. Qxc7 Rb7 27. Qc5+
Kg8 28. g3 Ra7 29. a3 Ra5 30. Qb4 Qa7 31. Qc3 Ra4 32. Kg2 Qb6 33. h4 Qa7 34. h5
Qe7 35. Qb3 Qa7 36. Qc3 Qa8 37. Qb3 f6 38. Qd3 Qe8 39. Rb1 f5 40. Qb3 Qa8 41.
Ra1 Kf7 42. Qb5 Qa7 43. Qb3 Kf6 44. Be3 Rxa3 45. Rxa3 Qxa3 46. Qxa3 Nxa3 47.
Kf3 Nc2 48. Kf4 Nb4 49. Bd2 Nc6 50. Be3 g5+ 51. hxg6 Kxg6 52. g4 fxg4 53. Kxg4
h5+ 54. Kh4 Ne7 55. Kh3 Nf5 56. Bc1 Nxd4 57. Kg3 Ne2+ 0-1

[Event "Landesliga Ost MVP 2013-14"]
[Site "?"]
[Date "2014.01.19"]
[Round "5.8"]
[White "Hiltner, Harald"]
[Black "Pawlick, Hannes"]
[Result "1/2-1/2"]
[WhiteElo "1515"]
[BlackElo "1653"]
[PlyCount "22"]
[EventType "team-tourn"]
[EventRounds "9"]
[EventCountry "GER"]
[WhiteTeam "SV Waterkant Saal"]
[BlackTeam "SV Rugia Bergen"]
[WhiteTeamCountry "GER"]
[BlackTeamCountry "GER"]

1. e4 e5 2. Nf3 d6 3. Be2 Nf6 4. Nc3 Be7 5. d3 O-O 6. Bg5 Be6 7. O-O Nfd7 8.
Bxe7 Qxe7 9. h3 Nb6 10. Nh2 f5 11. exf5 Bxf5 1/2-1/2

[Event "Landesliga Ost MVP 2013-14"]
[Site "?"]
[Date "2014.01.19"]
[Round "5.1"]
[White "Dao Xuan, Duong"]
[Black "Patzenhauer, Max"]
[Result "0-1"]
[WhiteElo "1731"]
[BlackElo "1858"]
[PlyCount "62"]
[EventType "team-tourn"]
[EventRounds "9"]
[EventCountry "GER"]
[WhiteTeam "SG Eintracht Neubrandenburg II"]
[BlackTeam "SV Motor Wolgast 1949"]
[WhiteTeamCountry "GER"]
[BlackTeamCountry "GER"]

1. e4 e6 2. d4 d5 3. Nc3 dxe4 4. Nxe4 Nd7 5. Nf3 Ngf6 6. Bg5 Be7 7. Ned2 b6 8.
c3 Bb7 9. Qc2 c5 10. dxc5 Nxc5 11. Bxf6 Bxf6 12. Bb5+ Nd7 13. Ne4 Qc7 14. Rd1
Bc6 15. Qa4 Bxb5 16. Qxb5 a6 17. Nd6+ Ke7 18. Qb4 Qc5 19. Qxc5 Nxc5 20. Nc4 b5
21. Ne3 Rhd8 22. Ng4 Nd3+ 23. Ke2 Nxb2 24. Rxd8 Rxd8 25. Nxf6 Kxf6 26. Rb1 Na4
27. Rc1 h6 28. a3 e5 29. Nd2 Nc5 30. c4 Rxd2+ 31. Kxd2 Nb3+ 0-1

[Event "Landesliga Ost MVP 2013-14"]
[Site "?"]
[Date "2014.01.19"]
[Round "5.2"]
[White "Reinke, Thomas"]
[Black "Rehbein, Hans Juergen"]
[Result "1-0"]
[WhiteElo "1847"]
[BlackElo "1652"]
[PlyCount "105"]
[EventType "team-tourn"]
[EventRounds "9"]
[EventCountry "GER"]
[WhiteTeam "SV Motor Wolgast 1949"]
[BlackTeam "SG Eintracht Neubrandenburg II"]
[WhiteTeamCountry "GER"]
[BlackTeamCountry "GER"]

1. e4 c5 2. Nc3 Nc6 3. g3 g6 4. Bg2 Bg7 5. f4 d6 6. Nf3 Bg4 7. d3 Nf6 8. Be3
O-O 9. O-O Qc8 10. Qd2 Ne8 11. Rab1 Rb8 12. Ne2 f5 13. exf5 Bxf5 14. Nh4 Bh3
15. c3 Nf6 16. d4 Bxg2 17. Kxg2 cxd4 18. Nxd4 Nxd4 19. Bxd4 Qc6+ 20. Kg1 Ne4
21. Qd1 Bxd4+ 22. Qxd4 Qc5 23. Qxc5 Nxc5 24. Rfe1 Rf7 25. Re3 b5 26. Nf3 b4 27.
c4 b3 28. a3 a5 29. Nd4 a4 30. Rbe1 Rb7 31. Nc6 Kf8 32. Nd8 e5 33. fxe5 dxe5
34. Nxb7 Rxb7 35. Rxe5 Nd3 36. Rf1+ Kg7 37. Re2 Rc7 38. Rd1 Nc5 39. Rd4 Kf6 40.
Kf1 Nb7 41. Ke1 Na5 42. Ree4 Nc6 43. Rd5 h6 44. Kd2 Kf7 45. Kc3 Rb7 46. Rd6 Rc7
47. Rxc6 Rxc6 48. Kb4 Rd6 49. Re2 Ra6 50. c5 Ra8 51. c6 Ra6 52. Kb5 Ra8 53. c7
1-0